LEADER 00836nam0-22002651i-450- 001 990005107880403321 005 19990530 035 $a000510788 035 $aFED01000510788 035 $a(Aleph)000510788FED01 035 $a000510788 100 $a19990530g19649999km-y0itay50------ba 101 0 $aita 105 $af-------00--- 200 1 $aGeschichte der griechischen Etymologika$eEin Beitrag zur Geschichte der Philologie in Alexandria und Byzanz$fvon Richard Reitzenstein 210 $aAmsterdam$cA.M. Hakkert$d1964. 215 $aIX, 408 p., 2 tav.$d23 cm 700 1$aReitzenstein,$bRichard$0177869 801 0$aIT$bUNINA$gRICA$2UNIMARC 901 $aBK 912 $a990005107880403321 952 $aIV G 38$bBibl. 38.917$fFLFBC 959 $aFLFBC 996 $aGeschichte der griechischen Etymologika$9535196 997 $aUNINA